| 000 | 00621nmm a2200169Ia 4500 | ||
|---|---|---|---|
| 008 | 251105s9999||||xx |||||||||||||||||und|| | ||
| 041 | _aspa | ||
| 100 | _aVaras del Peso, David | ||
| 245 | 0 | _aEnseñanzas iniciales: Nivel I. Ámbito de Comunicación y Competencia Matemática. Matemáticas 1. Administro mi casa | |
| 264 |
_a[Madrid, España] : _bMinisterio de Educación, Cultura y Deporte de España, _c2015 |
||
| 300 | _a74 páginas | ||
| 650 | _aEducation | ||
| 700 | _aVaras del Peso, David | ||
| 700 | 1 | _a Cabanas Cañizares, Mª Ruth | |
| 856 | _uhttps://public.digitaliapublishing.com/a/60325 | ||
| 942 | _cCF | ||
| 999 |
_c72250 _d72250 |
||